000 00545nam a2200205Ia 4500
005 20260429112104.0
008 260429s9999||||xx |||||||||||||| ||und||
020 _a9781032431406
041 _aEnglish
082 _a174.4
_bBEC
100 _aBecker, Christian U.
245 0 _aBusiness ethics :
_bmethods, theories, and application /
_cChristian U. Becker
250 _a2nd ed.
260 _aLondon :
_bRoutledge,
_c2024.
300 _axii, 217 p.; pbk
650 _a Ethics
650 _a Methods
650 _aBusiness
942 _cTB
999 _c52295
_d52295